Zlá nálada prevláda

Rok 2012 sa niesol v znamení pretrvávajúcej stagnácie a spomaleného ekonomického rastu. Nezamestnanosť na Slovensku.

Saved in:
Bibliographic Details
Main Author: Sadloňová, Petronela
Format: Book Chapter
Language:Slovak
Subjects:
Tags: Add Tag
No Tags, Be the first to tag this record!

MARC

LEADER 00000naa a2200000 4500
001 0166021
005 20231109070714.2
041 0 |a slo 
044 |a SK 
245 1 0 |a Zlá nálada prevláda  |c Petronela Sadloňová 
520 |a Rok 2012 sa niesol v znamení pretrvávajúcej stagnácie a spomaleného ekonomického rastu. Nezamestnanosť na Slovensku. 
610 2 0 |a situácia hospodárska 
610 2 0 |a nezamestnanosť 
610 2 0 |a Slovensko 
610 2 0 |a 2012 
100 1 |a Sadloňová, Petronela